• 首页
  • 本馆介绍
  • 公告通知
  • 最新文献
  • 馆藏检索
  • 电子资源
  • 读者导购
  • 参考咨询
  • 我的图书馆
  • 登录
  • 详细信息显示
  • 放入我的书架
  • 预约/预借图书
  • 作者相关作品
  • 分类相关作品
  • 丛书相关作品
  • 出版社相关作品

书目信息

  • 表格格式
  • 工作单格式
  • 卡片格式
题名:
木拱桥传统营造技艺
    
 
作者: 季海波 , 陈伟红 主编 ;薛一泉 , 叶树生 , 姚家飞 著
分册:  
出版信息: 杭州   浙江摄影出版社  2014
页数: 207页, [1] 叶图版
开本: 22cm
丛书名: 浙江省非物质文化遗产代表作丛书
单 册:
中图分类: U448.22
科图分类:
主题词: 木桥--拱桥--介绍--浙江省
电子资源:
ISBN: 978-7-5514-0743-4
000 01423nam 2200325 450
001 2353062795
005 20231211144445.75
010    @a978-7-5514-0743-4@dCNY55.00
100    @a20231026d2014 em y0chiy50 ea
101 0  @achi
102    @aCN@b330000
105    @aaf a 000yy
200 1  @a木拱桥传统营造技艺@Amu gong qiao chuan tong ying zao ji yi@f季海波, 陈伟红主编@g薛一泉, 叶树生著
210    @a杭州@c浙江摄影出版社@d2014
215    @a207页, [1] 叶图版@c图 (部分彩图)@d22cm
225 2  @a浙江省非物质文化遗产代表作丛书@Azhe jiang sheng fei wu zhi wen hua yi chan dai biao zuo cong shu@h第二批
300    @a第二批国家级非物质文化遗产浙江省项目
314    @a本书摄影: 季海波, 姚家飞, 薛一泉
320    @a有书目 (第205页)
330    @a本书主要介绿了木拱桥各方面的知识, 木拱桥以木梁为主要材料, 采用榫卯搭接、别压穿插等技术, 建造大跨度拱形桥梁。泰顺、庆元编梁木拱桥, 是中国传统木构桥梁中技术含量极高的建筑样式, 体现了山地先民不断探索营造手法、积极改变生存环境的智思和生活态度。由此衍生了交通、信仰、风水、商贸等功用, 魅力独特。
410  0 @12001 @a浙江省非物质文化遗产代表作丛书@h第二批
606 0  @a木桥@x拱桥@x介绍@y浙江省
690    @aU448.22@v5
701  0 @a季海波@Aji hai bo@4主编
701  0 @a陈伟红@Achen wei hong@4主编
702  0 @a薛一泉@Axue yi quan@4著
702  0 @a叶树生@Aye shu sheng@4著
702  0 @a姚家飞@4摄影
801  0 @aCN@b湖北三新@c20231026
905    @aZUCC@dU448.22@e5
    
    木拱桥传统营造技艺/季海波, 陈伟红主编/薛一泉, 叶树生著.-杭州:浙江摄影出版社,2014
    207页, [1] 叶图版:图 (部分彩图);22cm.-(浙江省非物质文化遗产代表作丛书.第二批)
    第二批国家级非物质文化遗产浙江省项目
    
    ISBN 978-7-5514-0743-4:CNY55.00
    本书主要介绿了木拱桥各方面的知识, 木拱桥以木梁为主要材料, 采用榫卯搭接、别压穿插等技术, 建造大跨度拱形桥梁。泰顺、庆元编梁木拱桥, 是中国传统木构桥梁中技术含量极高的建筑样式, 体现了山地先民不断探索营造手法、积极改变生存环境的智思和生活态度。由此衍生了交通、信仰、风水、商贸等功用, 魅力独特。
●
相关链接 在五车中查询图书 在当当中查询图书 在豆瓣中查询图书


正题名:木拱桥传统营造技艺     索取号:U448.22/5         预约/预借

序号 登录号 条形码 馆藏地/架位号 状态 备注
1 2001440289   2001440289   516书库/ [索取号:U448.22/5] 在馆    
2 2001440290   2001440290   516书库/ [索取号:U448.22/5] 在馆    
3 2001440291   2001440291   516书库/ [索取号:U448.22/5] 在馆    
4 2001440292   2001440292   516书库/ [索取号:U448.22/5] 在馆    
5 2001440293   2001440293   516书库/ [索取号:U448.22/5] 在馆    
6 2001440294   2001440294   516书库/ [索取号:U448.22/5] 在馆    
7 2001440295   2001440295   516书库/ [索取号:U448.22/5] 在馆    
8 2001440296   2001440296   516书库/ [索取号:U448.22/5] 在馆    
9 2001440297   2001440297   516书库/ [索取号:U448.22/5] 在馆    
10 2001440298   2001440298   516书库/ [索取号:U448.22/5] 在馆    
11 2001440299   2001440299   516书库/ [索取号:U448.22/5] 在馆    
12 2001440300   2001440300   516书库/ [索取号:U448.22/5] 在馆    
13 2001440301   2001440301   516书库/ [索取号:U448.22/5] 在馆    
14 2001440302   2001440302   516书库/ [索取号:U448.22/5] 在馆    
15 2001440303   2001440303   516书库/ [索取号:U448.22/5] 在馆    
16 2001440304   2001440304   516书库/ [索取号:U448.22/5] 在馆    
17 2001440305   2001440305   516书库/ [索取号:U448.22/5] 在馆    
18 2001440306   2001440306   516书库/ [索取号:U448.22/5] 在馆    
19 2001440307   2001440307   516书库/ [索取号:U448.22/5] 在馆    
20 2001440308   2001440308   516书库/ [索取号:U448.22/5] 在馆    
21 2001440309   2001440309   516书库/ [索取号:U448.22/5] 在馆    
22 2001440310   2001440310   516书库/ [索取号:U448.22/5] 在馆    
23 2001440311   2001440311   516书库/ [索取号:U448.22/5] 在馆    
24 2001440312   2001440312   516书库/ [索取号:U448.22/5] 在馆    
25 2001440313   2001440313   516书库/ [索取号:U448.22/5] 在馆    
26 2001440314   2001440314   516书库/ [索取号:U448.22/5] 在馆    
27 2001440315   2001440315   516书库/ [索取号:U448.22/5] 在馆    
28 2001440316   2001440316   516书库/ [索取号:U448.22/5] 在馆    
29 2001440317   2001440317   516书库/ [索取号:U448.22/5] 在馆    
30 2001440318   2001440318   516书库/ [索取号:U448.22/5] 在馆    
山东省滨州职业学院图书馆 欢迎您!
大连网信软件有限公司© 版权所有